000 00418nam a2200145Ia 4500
008 230917s9999||||xx |||||||||||||| ||und||
040 _e5015599
_aMAIN
041 _aEnglish
082 _a784.015 A35V
100 _aAshin
245 0 _aVartman parivesh mein Haryana Pradesh mein shastriya sangeet ke prachar prasar sambandhi prayatnon ka sarvekshnatmak adhyayan
260 _c2021
300 _a235 p.
942 _cBK
999 _c10746
_d10746